000 00445nam a2200181Ia 4500
003 GCL
008 140319s9999 xx 000 0 eng d
040 _aGCL /
_cGCL
082 0 4 _aCC
_b962
_bF E
100 1 _aFEDDEN, ROBIN
245 1 0 _aEGYPT: LAND OF THE VALLEY /
_cFEDDEN, ROBIN
260 _a[S.N] :
_bMICHAEL HAAG LIMITED ،
_c1986
300 _a158 P
650 0 4 _aEGYPT
650 0 4 _aCAIRO
650 0 4 _aALEXANDRIA
942 _2ddc
_cBK
999 _c13934
_d13934